Sistemas operativos

Сохранить в:
Библиографические подробности
Главный автор: Dhamdhere, Dhananjay M.
Формат:
Язык:испанский
Опубликовано: México, D.F. McGraw-Hill 2006
Редактирование:2ª ed.
Предметы:
Метки: Добавить метку
Нет меток, Требуется 1-ая метка записи!

MARC

LEADER 00000nam a22000005a 4500
003 CL-ChBUA
005 20120815095512.0
008 100915s2006 mx ||||| |||| 000 ||spa
020 |a 0070611947 
040 |a CL-ChBUA  |c CL-ChBUA 
082 0 0 |a 005.43 
090 |c 28056  |d 28056 
100 1 |a Dhamdhere, Dhananjay M. 
245 1 0 |a Sistemas operativos 
250 |a 2ª ed. 
260 |a México, D.F.  |b McGraw-Hill  |c 2006 
300 |a xx, 789 p.  |c 24 cm. 
504 |a índice, gráfs., il. 
650 4 |a SISTEMAS OPERATIVOS 
942 |c LIB 
952 |0 0  |1 0  |4 0  |7 0  |9 65881  |a UNACH  |b UNACH  |c 000  |d 2010-09-15  |i 46.551  |l 0  |o 005.43 / D 533  |p 67013  |r 2022-01-04 00:00:00  |u 65881  |w 2012-08-08  |y LIB  |k 005.43 / D 533 
999 |c 28056  |d 28056